Les 15 pays d'Europe les plus grands - Statistiques

Statistiques générales
  • Ce quiz a été pris 196 fois
    177 depuis la dernière actualisation
  • Le résultat moyen est 13 sur 15
Statistiques - réponses
Superficie
en km2
Pays % Correct
357K Allemagne
98%
505K Espagne
98%
551K France
98%
3,96M Russie
98%
301K Italie
96%
450K Suède
93%
312K Pologne
92%
243K Royaume-Uni
92%
338K Finlande
91%
323K Norvège
91%
603K Ukraine
89%
131K Grèce
83%
238K Roumanie
82%
207K Biélorussie
80%
110K Bulgarie
68%
Aucun quiz correspondant
Distribution des résultats
% des personnes avec chaque résultat
Percentile par nombre de réponses
Votre historique - résultats
Vous n’avez pas pris ce quiz depuis la dernière actualisation